Загрузка...
The Communicator's Pocketbook
| Главный автор: | |
|---|---|
| Формат: | Printed Book |
| Опубликовано: |
new Delhi
Research Press Business Books
2007
|
| LEADER | 00446nam a22001337a 4500 | ||
|---|---|---|---|
| 020 | |a 9788173141393 | ||
| 082 | |a 658.45 |b MIS | ||
| 100 | |a Misteil, Sean | ||
| 245 | |a The Communicator's Pocketbook |c Sean Misteil | ||
| 260 | |a new Delhi |b Research Press Business Books |c 2007 | ||
| 300 | |a 109 | ||
| 942 | |c BK | ||
| 999 | |c 299804 |d 299804 | ||
| 952 | |0 0 |1 0 |4 0 |6 658_450000000000000_MIS |7 0 |9 320077 |a PSY |b PSY |c GEN |d 2020-09-25 |l 0 |o 658.45 MIS |p PSY6888 |r 2020-09-25 |w 2020-09-25 |y BK | ||